000 02482nam0a2200397 4500
001 RU\NLR\bibl\741730
005 20260407143023.0
010 _a5-88718-040-4
_9500
035 _a(NLR Aleph) 000731602
090 _a766163
_c766163
100 _a20050330d2004 |||y0rusy50 ca
101 0 _arus
102 _aRU
105 _aa |||||||||
135 _acrmn mmmanaba
200 1 _aВесна в декабре
_eА.В. Михайлов в воспоминаниях и архивных документах
_fСанкт-Петерб. гос. консерватория им. Н.А. Римского-Корсакова
_g[ред.-сост.: Т.И. Хитрова
_gматериалы архива ЦГАЛИ и коммент. к ним подгот. А.Б. Павловым-Арбениным]
210 _aСПб.
_cСударыня
_d2004
215 _a272, [3] с.
_d20
300 _aКн. изд. на средства учеников А.В. Михайлова - Н.Г. Алексеева и Т.И. Хитровой
320 _aБиблиогр. в примеч. в конце ст. и в подстроч. примеч.
325 1 _aКопия доступна в электронной библиотеке РНБ
600 1 _aМихайлов
_bА.В.
_f1914 - 1983
_gАвенир Васильевич
_xв воспоминаниях
_92371020
_3RU\NLR\auth\661415235
600 1 _aМихайлов
_bА.В.
_f1914 - 1983
_gАвенир Васильевич
_92371017
_3RU\NLR\auth\661415233
686 _aЩ313(2Р=Рус)7-83Михайлов13
702 1 _4220
_8rus
_7ca
_aХитрова
_bТ.И.
_f1940-
_gТатьяна Ивановна
_3RU\NLR\auth\7724765
_97815
702 1 _4210
_8rus
_7ca
_aПавлов-Арбенин
_bА. Б.
_gАндрей Борисович
_3RU\NLR\auth\7710795
_9120560
712 0 2 _4570
_aСанкт-Петербургская государственная консерватория им. Н. А. Римского-Корсакова
_3RU\NLR\AUTH\8810014518
_9526947
801 0 _aRU
_bNLR
_c20050330
_grcr
801 1 _aRU
_bNLR
_c20050330
830 _aсост. по кн.
901 _eКнижные издания
942 _cBOOK
980 _aNB
981 1 3 _a(13) Документы, защищенные авторским правом
_b(13) Современная научная, научно-популярная и популярная л